Security and privacy : Silver linings in the cloud (Record no. 2521)

MARC details
000 -LEADER
fixed length control field 00473nam a2200181Ia 4500
008 - FIXED-LENGTH DATA ELEMENTS--GENERAL INFORMATION
fixed length control field 130318s9999 xx 000 0 und d
020 ## - INTERNATIONAL STANDARD BOOK NUMBER
International Standard Book Number 9783642152566
082 ## - DEWEY DECIMAL CLASSIFICATION NUMBER
Classification number 006.8 RAN/S
100 ## - MAIN ENTRY--PERSONAL NAME
Personal name Rannenberg, Kai
245 ## - TITLE STATEMENT
Title Security and privacy : Silver linings in the cloud
260 ## - PUBLICATION, DISTRIBUTION, ETC.
Name of publisher, distributor, etc. Springer
Place of publication, distribution, etc. Germany
Date of publication, distribution, etc. 2010
300 ## - PHYSICAL DESCRIPTION
Extent 312
650 ## - SUBJECT ADDED ENTRY--TOPICAL TERM
Topical term or geographic name entry element NETWORK SECURITY
650 ## - SUBJECT ADDED ENTRY--TOPICAL TERM
Topical term or geographic name entry element PRIVACY
650 ## - SUBJECT ADDED ENTRY--TOPICAL TERM
Topical term or geographic name entry element SECURITY
700 ## - ADDED ENTRY--PERSONAL NAME
Personal name Varadharajan, Vijay
700 ## - ADDED ENTRY--PERSONAL NAME
Personal name Weber, Christan
Holdings
Withdrawn status Lost status Damaged status Not for loan Collection code Home library Current library Shelving location Date acquired Cost, normal purchase price Total Checkouts Full call number Barcode Date last seen Date last checked out Price effective from Koha item type
        Cloud Computing Kerala University of Digital Sciences, Innovation and Technology Knowledge Centre Kerala University of Digital Sciences, Innovation and Technology Knowledge Centre Computer Science 18/03/2013 5685.00 2 006.8 RAN/S 2541 06/05/2022 29/04/2022 18/03/2013 Books